| 000 | 01495 a2200241 4500 | ||
|---|---|---|---|
| 001 | 25139 | ||
| 005 | 20260407155535.0 | ||
| 008 | 260407a1979 arg spa d | ||
| 003 | AR-UNSa-BCEJYS | ||
| 040 |
_aAR-UNSa-BCEJYS _bspa _cAR-UNSa-BCEJYS |
||
| 080 |
_a519.2 _xProbabilidades y estadística matemática |
||
| 245 | 1 | 0 | _aFundamentos de estadística para administración y economía |
| 020 | _a968-18-0737-5 | ||
| 264 | 1 |
_aMéxico : _bLimusa _c1979 |
|
| 300 |
_a623 p. _c23 cm. |
||
| 505 | _aParte I : Estadística básica : 1. Introducción - 2.Estadística descriptiva para muestras - 3. Probabilidad - 4. Variables aleatorias y sus distribuciones - 5. Dos variables aleatorias - 6. Muestreo - 7. Estimación I - 8. Estimación II - 9. Contraste de hipótesis - 10. Análisis de variancia - 11. Introducción a la regresión - 12. Teoría de la regresión - 13. Regresión múltiple - 14. Correlación - 15. Teoría bayesiana de la decisión - 16. Estadística no paramétrica - 17. Pruebas ji cuadrado - 18. Estimación por el método de máxima verosimilitud (MLE)- 19. Análisis de series cronoloógicas - 20. Ecuaciones simultáneas - 21. Extensiones de la regresión - 21. Extensiones de la regresión - 22. Diseños de muestra - 23. Números índice - 24. Teoría de juegos. | ||
| 942 | _cBK | ||
| 590 | _aniveau_biblio:m niveau_hierar:0 | ||
| 100 | 1 | _aWonnacott, Thomas H. | |
| 700 | 1 | _aWonnacott, Ronald J. | |
| 700 | 1 | _aHorenstein, Norma | |
| 700 | 1 | _aZomer Rezler, Clara | |
| 999 |
_c1290 _d1290 |
||